000 00385nam a2200145Ia 4500
008 150201s2005 xx 000 0 und d
082 _a617.6342
_bE2005F
100 _aFORD,T.R.PIT
245 _aENDODONTICS IN CLINICAL PRACTICE
250 _a5TH
260 _bWRIGHT PUBLICATION
_aOXFORD
_c2005
300 _a1-282
650 _aCONSERVATIVE DENTISTRY & ENDODONTICS
942 _2ddc
_cBK
999 _c3538
_d3538